| 000 | 00520nam a2200169 4500 | ||
|---|---|---|---|
| 008 | 010315s1999 miu 0 engYA | ||
| 020 | _a0310223644 | ||
| 090 |
_aBR100 _bN17l |
||
| 100 | 1 | _aNash, Ronald H. | |
| 245 | 1 | 0 |
_aLife's ultimate questions : _ban introduction to philosophy / _cRonald H. Nash |
| 260 |
_aMichigan : _bZondervan, _cc1999. |
||
| 300 | _a395 p. | ||
| 504 | _aIncludes bibliographical references. | ||
| 650 | 4 |
_aChristianity _xPhilosophy |
|
| 650 | 4 |
_aPhilosophy _xIntroductions |
|
| 999 |
_c982 _d982 |
||